[Event "Florianopolis op 4th"]
[Site "Florianopolis"]
[Date "2018.01.22"]
[Round "5"]
[White "Contato, Cristiano Carlos"]
[Black "Blank Goncalves, Eduardo"]
[Result "1/2-1/2"]
[WhiteElo "1794"]
[BlackElo "2102"]
[PlyCount "98"]
[EventDate "2018.01.19"]
[EventType "swiss"]
[EventRounds "10"]
[EventCountry "BRA"]
[SourceTitle "EXT 2019"]
[Source "ChessBase"]
[SourceDate "2018.10.10"]
[SourceVersion "1"]
[SourceVersionDate "2018.10.10"]
[SourceQuality "1"]

1. e4 c5 2. Nf3 a6 3. d4 cxd4 4. Nxd4 e5 5. Nf3 Nc6 6. Bc4 Be7 7. 0-0 Nf6 8. Nc3 0-0 9. a3 d6 10. Bg5 Bg4 11. Qd3 b5 12. Ba2 Be6 13. Bxf6 Bxf6 14. Nd5 Bxd5 15. Qxd5 Qc7 16. Rfd1 Be7 17. b4 Kh8 18. c4 Qb6 19. Rac1 Rac8 20. Qd3 f6 21. Nh4 g6 22. Qh3 Kg7 23. Rd3 Nd4 24. Qg4 bxc4 25. Rg3 f5 26. Nxf5+ Nxf5 27. exf5 Qd4 28. Qxd4 exd4 29. Rxc4 Rxc4 30. Bxc4 Rxf5 31. Bxa6 Bh4 32. Rf3 Rxf3 33. gxf3 Kf6 34. b5 Ke7 35. b6 Kd7 36. a4 Kc6 37. a5 Bg5 38. Bd3 d5 39. Kf1 Bd2 40. Ba6 Bxa5 41. b7 Bc7 42. h3 Kb6 43. b8Q+ Bxb8 44. Bc8 Kc5 45. Ke2 Kc4 46. Ba6+ Kc3 47. Bb5 g5 48. Bd3 h6 49. Bf5 Bh2 1/2-1/2

[Event "Rio Claro IRT U2200 4th"]
[Site "Rio Claro"]
[Date "2016.02.21"]
[Round "5.3"]
[White "Contato, Cristiano Carlos"]
[Black "Cardoso, Julia Aguiar Vieira"]
[Result "1/2-1/2"]
[WhiteElo "1870"]
[BlackElo "1731"]
[PlyCount "97"]
[EventDate "2016.02.20"]
[EventType "swiss"]
[EventRounds "5"]
[EventCountry "BRA"]
[SourceTitle "EXT 2022"]
[Source "ChessBase"]
[SourceDate "2021.10.06"]
[SourceVersion "1"]
[SourceVersionDate "2021.10.06"]
[SourceQuality "1"]

1. e4 e5 2. Nf3 Nc6 3. Bb5 a6 4. Ba4 Bc5 5. 0-0 b5 6. Bb3 Nf6 7. d3 d6 8. h3 h6 9. c3 0-0 10. Be3 Bb6 11. Nbd2 Re8 12. Re1 Bb7 13. Nf1 Ne7 14. Bxb6 cxb6 15. Ne3 Ng6 16. g3 d5 17. exd5 Nxd5 18. Ng4 f6 19. c4 bxc4 20. dxc4 Nde7 21. Qe2 Kh8 22. Red1 Qc7 23. Ne3 Rad8 24. Rac1 Rxd1+ 25. Rxd1 Qc8 26. Kh2 Rd8 27. Rxd8+ Qxd8 28. Qd2 Qxd2 29. Nxd2 Nc6 30. Nd5 b5 31. Kg1 Nd4 32. Nc7 Ne7 33. c5 Kh7 34. Be6 Nxe6 35. Nxe6 Bd5 36. Nc7 Bxa2 37. Nxa6 Bd5 38. b4 Bb7 39. Nc7 Bc6 40. Nb3 Bd7 41. h4 h5 42. Na5 g5 43. hxg5 fxg5 44. Nb7 Kg6 45. Nd6 Nc6 46. Nd5 Nd4 47. Nc3 h4 48. gxh4 gxh4 49. Nce4 1/2-1/2

[Event "Rio Claro op 1st"]
[Site "Rio Claro"]
[Date "2015.03.01"]
[Round "5"]
[White "Coronado, Evandro Jose"]
[Black "Contato, Cristiano Carlos"]
[Result "1-0"]
[WhiteElo "1824"]
[BlackElo "1800"]
[PlyCount "71"]
[EventDate "2015.02.28"]
[EventType "swiss"]
[EventRounds "5"]
[EventCountry "BRA"]
[SourceTitle "CBM 165 Extra"]
[Source "ChessBase"]
[SourceDate "2015.04.21"]
[SourceVersion "1"]
[SourceVersionDate "2015.04.21"]
[SourceQuality "1"]

1. Nf3 Nf6 2. c4 e6 3. d4 Bb4+ 4. Bd2 Qe7 5. Nc3 b6 6. a3 Bxc3 7. Bxc3 Bb7 8. e3 d5 9. cxd5 Bxd5 10. Rc1 a5 11. Bd3 Nbd7 12. 0-0 Ne4 13. Bxe4 Bxe4 14. b4 Qf6 15. bxa5 bxa5 16. Ne1 0-0 17. f3 Bb7 18. d5 Qg5 19. dxe6 Qxe3+ 20. Rf2 Qxe6 21. Re2 Qb6+ 22. Kh1 Rad8 23. Rd2 Qb5 24. Nc2 Qb3 25. Bxa5 Ra8 26. Bxc7 Nc5 27. Bd6 Qb6 28. Bxf8 Rxf8 29. Rb1 Qf6 30. Rd6 Qc3 31. Qd2 Qc4 32. Ne3 Qa4 33. Qb4 Qe8 34. Qxc5 Qe7 35. Nf5 Qe2 36. Rxb7 1-0